000 00966nas a2200337 4500
001 BR0400501
003 BR-BrBNA
005 20231205104254.0
007 ta
008 230509b bl.|||p| |||| 00| 00por d
040 _aBR-BrBNA
_bpor
_cBiblioteca Nacional de Agricultura
041 _a(Pt)
072 _aF30; H20
100 1 _aSilva, R.G.
100 1 _aGalvão, J.C.C.
100 1 _aMiranda, G.V.
100 1 _aOliveira, E. de
245 1 _aControle genético da resistência aos enfezamentos do milho
650 _aMILHO
650 _aCONTROLE GENÉTICO
650 _aVARIEDADE RESISTENTE
650 _aENFEZAMENTO
650 _aHÍBRIDO
650 _aFREQUÊNCIA GENÉTICA
650 _aPRODUTIVIDADE
650 _aGRÃO
650 _aMINAS GERAIS
773 0 _tPesquisa Agropecuária Brasileira (Brazil)
_xISSN 0100-204X
_g(Aug 2003), v. 38(8) p. 921-928
_wBR0400501
909 _a202311
_bLúcia
_c55
_dLúcia Elande
942 _2AGRIS
_n0
_cANA
999 _c177293
_d177293